00000000nam 2200000za 4500
0019.675133
003CaOODSP
00520250408155902
007cr |||||||||||
008150407|2008||||xxc|||||o    f|0| 0 spa d
020 |a978-0-662-03406-3
040 |aCaOODSP|beng
043 |an-cn---
0861 |aHP5-58/2008Spa-PDF|zHP5-58/2008Sp-PDF
1102 |aPublic Health Agency of Canada.
24510|a[CARMEN pilot Canadian case study - final report] : |h[electronic resource]|b[stakeholder convergence on nutrition labelling - building consensus on a complex issue].
2461 |aEstudio de Caso Canadiense - Proyecto Piloto CARMEN, Informe Final: Convergencia de las partes interesadas sobre el etiquetado nutricional: En búsqueda de un consenso sobre una cuestión compleja
250 |a[Spanish edition].
260 |aOttawa - Ontario : |bPublic Health Agency of Canada |cc2008.
300 |a38p.|billus., references, tables
500 |aIssued also in English under title: CARMEN pilot Canadian case study - final report: stakeholder convergence on nutrition labelling - building consensus on a complex issue.
546 |aText in Spanish.
590 |a12-25-Supp|b2012-06-04
69007|aFood labelling|2gcpds
77508|tCARMEN pilot Canadian case study - final report : |w(CaOODSP)9.690837
792 |t[Étude de cas canadienne - Projet CARMEN, rapport final] : |efre|w(CaOODSP)9.675134
85640|ahttp://publications.gc.ca|qPDF|s8027 KB|uhttps://publications.gc.ca/collections/collection_2012/aspc-phac/HP5-58-2008-spa.pdf